Professor Joaquim de Carvalho (Registo nº 201874)

Detalhes MARC
000 -Etiqueta de Registo
Indicador do Registo 00731nam 22001813 4500
100 ## - Dados Gerais de Processamento
Dados gerais 20250918d u||y0pory50 ba
101 ## - Língua
Língua de publicação Português
102 ## - País de publicação
País Portugal
200 ## - Título e menção de responsabilidade
Título próprio Professor Joaquim de Carvalho
Primeira menção de responsabilidade H. J. Barahona Fernandes
Sub-título pessoa e atitude espiritual
300 ## - Notas gerais
Texto de nota Separata das «memórias» (Classe de Ciência - Tomo VIII), Lisboa, 1963<br/>Contém dedicatória na folha de rosto <br/>
461 ## - Nível de conjunto
Título Separata das «memórias» (Classe de Ciência - Tomo VIII), Lisboa, 1963
Número de parte ou secção (número/volume) 44 p.
606 ## - Nome Comum Usado como Assunto
ID Autoridade 7904
Elemento de Entrada Filosofia da mente e do espírito. Metafísica da vida espiritual
700 ## - Autor principal (pessoa individual)
ID Autoridade 17160
Apelido Fernandes
Nome Henrique João Barahona
Datas 1907-1992
801 ## - Fonte de origem
País PT
Agência BMMN
Regras de catalogação RPC
090 ## - System Control Numbers (Koha)
Koha biblioitem number (autogenerated) 201874
990 ## - Elementos Koha
Tipo de documento Artigo
Exemplares
Biblioteca de origem Biblioteca de Empréstimo Código de Barras Cota Permissão de Empréstimo Tipo de Documento Nota relativa ao exemplar Estado Forma de Aquisição
Biblioteca Municipal de Montemor-o-Novo Biblioteca Municipal de Montemor-o-Novo 31267 13 FER|SAF   Artigo Acesso Condicionado   Oferta

Powered by Koha